| Tag |
First Indicator |
Second Indicator |
Subfields |
| LEADER |
00000cam a2200000 4500 |
| 001 |
in00000031467 |
| 005 |
20151007061705.0 |
| 008 |
781229s1964 iaua b 00000 eng d |
| 010 |
|
|
|a 64015316
|
| 035 |
|
|
|a (OCoLC)04511536
|
| 035 |
|
|
|9 AAD2784AM
|
| 040 |
|
|
|a MST
|c MST
|d TXA
|d UtOrBLW
|
| 049 |
|
|
|a TXAM
|c [456810]
|
| 050 |
0 |
0 |
|a GV965
|b .B64
|
| 092 |
|
|
|a 796.352
|b B787t
|
| 100 |
1 |
|
|a Bowling, Maurine.
|
| 245 |
1 |
0 |
|a Tested ways of teaching golf classes.
|
| 264 |
|
1 |
|a Dubuque, Iowa :
|b W.C. Brown Co.,
|c [1964]
|
| 264 |
|
4 |
|c [©1964]
|
| 300 |
|
|
|a xii, 84 pages :
|b illustrations ;
|c 28 cm.
|
| 336 |
|
|
|a text
|b txt
|2 rdacontent
|
| 337 |
|
|
|a unmediated
|b n
|2 rdamedia
|
| 338 |
|
|
|a volume
|b nc
|2 rdacarrier
|
| 490 |
1 |
|
|a Brown physical education series
|
| 504 |
|
|
|a Bibliography: pages 81-82.
|
| 650 |
|
0 |
|a Golf
|x Study and teaching.
|
| 830 |
|
0 |
|a Brown physical education series.
|
| 999 |
|
|
|a MARS
|
| 999 |
f |
f |
|s 5b5b7f10-bd68-311e-82c0-b7d077d39b69
|i 0045d2dd-0592-34d9-9501-add8bbe72c6a
|t 0
|
| 952 |
f |
f |
|p ric
|a Texas A&M University
|b Rellis Campus
|c Joint Library Facility
|d Remote Storage
|t 0
|e GV965 .B64
|h Library of Congress classification
|i unmediated -- volume
|m A14801184888
|
| 998 |
f |
f |
|a GV965 .B64
|t 0
|l Remote Storage
|